| 000 | 01266nam a2200217Ia 4500 | ||
|---|---|---|---|
| 003 | Ost | ||
| 005 | 20260507074926.0 | ||
| 008 | 260507s9999||||xx |||||||||||||| ||und|| | ||
| 040 | _cfsecg | ||
| 041 | _aara | ||
| 082 | _a1.42 | ||
| 100 |
_aكشرود، عمار الطيب _eمؤلف |
||
| 245 | 0 |
_aالبحث العلمي ومناهجه في العلوم الإجتماعية والسلوكية / _c عمار الطيب كشرود |
|
| 260 |
_aعمان: _bدار المناهج, _c2006 |
||
| 300 |
_a368 صفحة؛ _bإيضاحات ؛ _c25 سم |
||
| 504 | _aببليوغرافيا: ص.367 | ||
| 520 | _aالبحث العلمي: تعريف البحث العلمي وتحديد ماهيته، كيفية اختيار الموضوع وتحديد مشكلته، طرق الحصول على المعرفة، الفروض العلمية، العينات وطرق اختيارها، أدوات البحث العلمي ومصادره، مناهج البحث العلمي: المنهج الوصفي، المنهج التجريبي، منهج دراسة حالة، المنهج التاريخي، الاقتباس والتوثيق وكتابة البحث: الاقتباس والتوثيق | ||
| 653 | _aالبحوث | ||
| 653 | _aالمعرفة | ||
| 942 | _cكتاب | ||
| 999 |
_c41825 _d41825 |
||